| 000 | 00482nam a22001817a 4500 | ||
|---|---|---|---|
| 003 | 0 | ||
| 005 | 20231009074240.0 | ||
| 008 | 231009b xxu||||| |||| 00| 0 eng d | ||
| 020 | _a978-1-407157-44-3 | ||
| 050 |
_aPZ 7 _b .St859 2015 |
||
| 100 | _aStine, R.L. | ||
| 245 |
_aGoosebumps : night of the living dummy _cR.L. Stine |
||
| 260 |
_aLondon _bScholastic , Inc. _cc2015. |
||
| 300 |
_a125 pages ; _c20 cm. |
||
| 500 | _aFiction. | ||
| 650 | _aFiction. | ||
| 942 |
_2lcc _cBK |
||
| 999 |
_c365505 _d365505 |
||